000
00241nam a2200097Ia 4500
008
231107s1990 xx 000 0 und d
041
_a
eng
100
_a
Kreh R.T.
245
_a
Masonry Skills
260
_a
America
_b
Delmar Publishers Inc.
_c
1990
999
_c
928147
_d
928147